000 00522nam a22001817a 4500
005 20230921110355.0
010 _aENG-136347
020 _a9789357942911
_c295.00
035 _aEN-119879
037 _bDBAD/PUB
082 _a881
100 _aJain, Shalini
_957230
245 0 0 _aDear Silver Lining:
_bA Collection of Odd Yet Awed Odes/
_cBy Shalini Chhabra Jain
250 _a 2020
260 _bV & S Publishers
_aDarya Ganj
_c2020
300 _a91p.;
_c21cm(pb)
_bill.
942 _2ddc
_cEN
_h881
_mSHA
999 _c195203
_d195203